000 02571nam0a2200349 4500
001 RU\NLR\BIBL_A\022727743
005 20260503065123.0
010 _a978-5-8423-0297-0
_922
021 _aRU
_bКН-П-25-079063
_9КН-П-25-7663
035 _a(NLR Aleph) 022727743
090 _a13700649
_c13700649
100 _a20260213d2025 k y0rusy50 ca
101 0 _arus
102 _aRU
105 _aa j 000yy
181 0 _ai3
_baxxe
182 0 _an
200 1 _aСамостоятельная подготовка студентов вузов к сдаче норм всероссийского физкультурно-спортивного комплекса "Готов к труду и обороне" (ГТО)
_eучебное пособие
_fГ. В. Пономарева, Е. А. Левина
_gФедеральное государственное бюджетное образовательное учреждение высшего образования "Рязанский государственный медицинский университет имени академика И. П. Павлова" Министерства здравоохранения Российской Федерации, Кафедра физического воспитания, лечебной физкультуры и спортивной медицины
203 _aТекст
_bвизуальный
_cнепосредственный
210 _aРязань
_cОТСиОП
_cФГБОУ ВО РязГМУ Минздрава России
_d2025
215 _a96 с.
_cил.
_d21
300 _aНа обороте тит. с. 1-й авт.: Г. В. Пономарева, канд. пед. наук, доц.
320 _aБиблиогр.: с. 94-96 (21 назв.)
606 1 _a"Готов к труду и обороне", всероссийский физкультурно-спортивный комплекс в высшей школе
_jУчебные издания для высших учебных заведений
_92250719
_3RU\NLR\AUTH\6601580661
686 1 _aЧ511.131я73
686 1 _aЧ511.153.18я73
700 1 _7ca
_8rus
_aПономарева
_bГ. В.
_cканд. пед. наук, физ. воспитание
_gГалина Владимировна
_9167281
_3RU\NLR\AUTH\770167328
701 1 _aЛевина
_bЕ. А.
_cпреподаватель, физ. воспитание
_gЕлена Александровна
_92704842
_3RU\NLR\AUTH\770292207
942 _cBOOK
980 _aNB